Concise chemical and technical dictionary
Saved in:
| Main Author: | |
|---|---|
| Format: | Book |
| Language: | English |
| Published: |
Nueva York
Chemical Publishing
1974
|
| Edition: | 3a. ed |
| Subjects: | |
| Tags: |
Add Tag
No Tags, Be the first to tag this record!
|
MARC
| LEADER | 00000nam a2200000 a 4500 | ||
|---|---|---|---|
| 001 | UCR4926 | ||
| 003 | CL-VaPUC | ||
| 008 | 980320e19740000US |||||||||||||||||eng|d | ||
| 082 | 0 | 4 | |a 540 |b BEN |2 21 |
| 100 | 0 | |a Bennett, H |e author |9 405495 | |
| 245 | 1 | 0 | |a Concise chemical and technical dictionary |
| 250 | |a 3a. ed | ||
| 300 | |a 1204 p | ||
| 942 | |c BK | ||
| 945 | |d 19980320 00:00:00 |a crobeson | ||
| 260 | |a Nueva York |b Chemical Publishing |c 1974 | ||
| 650 | 0 | |a Diccionarios |9 256200 | |
| 650 | 0 | |a Química |9 259896 | |
| 650 | 0 | |a Tecnología |9 256742 | |
| 583 | |a last modification |c 19980320 00:00:00 |k Rodrigo Vera | ||
| 999 | |c 267708 |d 267706 | ||
| 952 | |0 0 |1 0 |4 0 |6 540_000000000000000_BEN_1974 |7 0 |8 A |9 300210 |a BIBALI |b BIBALI |c REF |d 2019-11-20 |i 1968408 |o 540 BEN 1974 |p 1968408 |r 2025-01-20 |w 2019-11-20 |y BK_F |k ALI | ||